Spanish Provinces Quiz - Statistics

General Stats
  • This quiz has been taken 25 times
  • The average score is 25 of 50
Answer Stats
Province % Correct
Madrid
83%
Seville
78%
Valencia
72%
Granada
67%
Huelva
67%
Pontevedra
67%
Zaragoza
67%
A Coruña
61%
Albacete
61%
Alicante
61%
Asturias
61%
Girona
61%
Jaén
61%
Murcia
61%
Tarragona
61%
Almería
56%
Badajoz
56%
Cáceres
56%
Cádiz
56%
Córdoba
56%
Huesca
56%
Lleida
56%
Lugo
56%
Málaga
56%
Ourense
56%
Castellón
50%
Ciudad Real
50%
Navarre
50%
Palencia
50%
Toledo
50%
Valladolid
50%
Ávila
44%
Burgos
44%
Cuenca
44%
La Rioja
44%
Las Palmas
44%
Salamanca
44%
Zamora
44%
Álava
39%
Guadalajara
39%
Guipúzcoa
39%
Segovia
39%
Cantabria
33%
León
33%
Santa Cruz de Tenerife
33%
Soria
33%
Balearic Islands
28%
Biscay
22%
Barceolna
0%
Terual
0%
No matching quizzes found
Score Distribution
Percent of People with Each Score
Percentile by Number Answered
Your Score History
You have not taken this quiz